Statistics for Sidney Lumet Movies

Click here to take the quiz!

General Stats

  • This quiz has been taken 48 times
  • The average score is 13 of 43

Answer Stats

HintAnswer% Correct
195712 Angry Men
87%
1975Dog Day Afternoon
85%
1976Network
79%
2007Before the Devil Knows You're Dead
72%
1973Serpico
67%
1982The Verdict
59%
1974Murder on the Orient Express
49%
1964The Pawnbroker
46%
1981Prince of the City
41%
1964Fail-Safe
36%
1990Q & A
33%
1971The Anderson Tapes
33%
1965The Hill
33%
1978The Wiz
33%
1972Child's Play
28%
1989Family Business
28%
1962Long Day's Journey into Night
28%
1988Running on Empty
28%
1959The Fugitive Kind
28%
1972The Offence
28%
1997Night Falls on Manhattan
26%
1977Equus
23%
2006Find Me Guilty
23%
1999Gloria
23%
1983Daniel
21%
1966The Group
21%
1961A View from the Bridge
18%
1982Deathtrap
18%
1984Garbo Talks
18%
1993Guilty as Sin
18%
1967The Deadly Affair
18%
1992A Stranger Among Us
15%
1968Bye Bye Braverman
15%
1997Critical Care
15%
1980Just Tell Me What You Want
15%
1974Lovin' Molly
15%
1986Power
15%
1969The Appointment
15%
1986The Morning After
15%
1968The Sea Gull
15%
1970Last of the Mobile Hot Shots
13%
1958Stage Struck
13%
1959That Kind of Woman
13%

Score Distribution

Percentile by Number Answered

Percent of People with Each Score

Your Score History

You have not taken this quiz